[Event "Corus"]
[Site "Wijk aan Zee"]
[Date "2005.01.17"]
[Round "3"]
[White "Topalov, Veselin"]
[Black "Van Wely, Loek"]
[Result "1/2-1/2"]
[WhiteElo "2757"]
[BlackElo "2679"]
[Annotator "Roiz,M"]
[PlyCount "38"]
[EventDate "2005.01.15"]
[EventType "tourn"]
[EventRounds "13"]
[EventCountry "NED"]
[EventCategory "19"]
[SourceTitle "CBM 105"]
[Source "ChessBase"]
[SourceDate "2005.04.11"]
[SourceVersion "1"]
[SourceVersionDate "2005.04.11"]
[SourceQuality "1"]

1. e4 c5 2. Nf3 Nc6 3. Nc3 Nf6 {That move is a playable alternative to the
solid 3...e5.} 4. Bb5 {Well, white doesn't want to check the opponent's
knowledge in the main lines of Sveshnikov after 4.d4.} Qc7 5. O-O Nd4 6. Re1 a6
7. Bc4 {Topalov tries to improve white's play in Kasparov,G-Leko,P/ Linares
20th 2003} ({According to my database,} 7. Bf1 {is the most popular
continuation nowdays, which however, doesn't promise white an advantage.}) 7...
d6 {Black chooses the most safe continuation.} ({At the same time, black was
doing fine after:} 7... Ng4 {in 0-1 Moradiabadi,E-Eljanov,P/Dubai 2004/CBM 101/
[Postny] (57) Postny: But that looks quite risky, and probably Veselin had an
improvement in this line.}) 8. Nd5 {The only way to fight for the opening
advantage-white is trying to prevent black from completing a comfortable
development and force him to open the central ''e'' file.} (8. h3 e6 9. a3 (9.
a4 Be7 10. d3 O-O 11. Be3 Nxf3+ 12. Qxf3 b6 13. Ba2 Bb7 14. d4 cxd4 15. Bxd4
Bc6 $11 {0-1 Nijboer,F-Van Wely,L/Leeuwarden NED 2004/The Week in Chess 505 
(37)}) 9... Be7 10. d3 O-O 11. Nxd4 cxd4 12. Ne2 Nxe4 13. Nxd4 Nf6 14. Bb3 Bd7
15. c3 Rae8 $11 {1/2-1/2 Shetty,R-Ni Hua/Calcutta IND 2004 (59)}) 8... Nxd5 9.
exd5 g6 $1 {Black has to take care about quick development of his k-side.} ({
Black faces a serious problems with a development after:} 9... Bg4 $2 10. c3
Nxf3+ 11. gxf3 Bd7 12. d4 b5 13. Bf1 c4 14. b3 Rc8 15. a4 Qb7 16. axb5 axb5 17.
f4 $16 {1-0 Ni Hua-Reefat,S/Calcutta IND 2004 (33)}) 10. Nxd4 cxd4 11. d3 h6
12. a4 $5 $146 {White's idea is to fix black's q-side pawns and to get some
space advantage. On the other hand, that plan takes some time and allows a
k-side castle.} (12. b4 {led to more complicated play after:} Bg7 13. Qe2 Bf6
14. Qf3 Kf8 15. Bb2 Qb6 16. a3 h5 17. h3 h4 18. Qf4 Bf5 19. Rab1 Rh5 20. a4 Be5
$132 {1/2-1/2 Kasparov,G-Leko,P/Linares 2003/CBM 94 (33)}) 12... Bg7 ({After} 
12... b6 $6 13. b4 Bg7 14. Qe2 Bf6 15. Qf3 Kf8 16. Bb2 $36 {[%csl Rd4] the
difference between Kasparov-Leko is that the Qc7 has no square on b6, so white
can just attack the weak Pd4.}) 13. a5 O-O 14. Bd2 ({Interesting would be also:
} 14. Bf4 $5 e5 15. dxe6 Bxe6 ({after} 15... fxe6 $6 16. Qd2 {[%csl Rc8] white
gets a clear edge, since the Bc8 is very passive.}) 16. Bb3 Rae8 17. Qd2 $14 {
and white's position looks a bit better,although black is still very solid.})
14... Re8 {Black wants to push e7-e5 in order to neutralize white's pressure
on Pe7.} 15. Qf3 $6 {That move is not enough energetical and allows black to
equalize by the thematical advance e7-e5.} (15. c3 $142 {White's chances are
preferable after:} dxc3 16. Bxc3 Bf5 (16... e5 17. dxe6 Bxe6 18. Bxe6 fxe6 19.
Qg4 $14 {[%csl Re6,Rg6,Rg8]}) 17. Qd2 $14 {due to a space advantage and some
pressure on Pe7.}) 15... e5 $1 16. dxe6 {That exchange is practically forced,
as the pawn structure is acceptable for black (he may start pushing his kside
pawns by f7-f5 and g6-g5).} ({Black has nothing to worry about also after} 16.
c3 Bf5 17. cxd4 exd4 $11) 16... Bxe6 17. Bxe6 Rxe6 {Now white cannot make any
progress without taking on e6.} 18. Rxe6 fxe6 19. Rc1 {Ofcourse,that ''shy''
move shows that black is O.K.} (19. c4 dxc3 20. bxc3 Rf8 21. Qg3 Qf7 22. Rb1 d5
23. Rb6 Kh7 $11) 19... Qf7 {Here the draw was agreed. An important game from
theoretical point of view-it shows that black has to solve some problems after
7.Bc4.} ({The following variations prove, that the final position is
absolutely equal:} 19... Qf7 20. Qxf7+ (20. Qg3 Rf8 21. Re1 e5 $11) 20... Kxf7
21. c4 dxc3 22. bxc3 Rc8 23. c4 d5 $11) 1/2-1/2

[Event "Linares 22nd"]
[Site "Linares"]
[Date "2005.03.03"]
[Round "8"]
[White "Kasparov, Garry"]
[Black "Leko, Peter"]
[Result "1/2-1/2"]
[WhiteElo "2804"]
[BlackElo "2749"]
[Annotator "Roiz,M"]
[PlyCount "61"]
[EventDate "2005.02.23"]
[EventType "tourn"]
[EventRounds "14"]
[EventCountry "ESP"]
[EventCategory "20"]
[SourceTitle "CBM 106"]
[Source "ChessBase"]
[SourceDate "2005.06.06"]
[SourceVersion "1"]
[SourceVersionDate "2005.06.06"]
[SourceQuality "1"]

1. e4 c5 2. Nf3 Nc6 3. Nc3 e5 4. Bc4 d6 ({Another common order of moves
nowdays is-->} 4... Be7 5. d3 Nf6) 5. d3 Be7 6. Nd2 Bg5 {Black immediately
takes care of his dark-squared bishop.} ({Another popular continuation here is:
} 6... Nf6 7. Nf1 Bg4 8. f3 Be6 9. Ne3 {with a long strategical battle.}) 7. h4
{That agressive move is the only way to fight for the opening advantage.} Bxd2+
{Black chooses a safe continuation. Now he could complete the development
without weaking his pawn structure.} ({The alternative is:} 7... Bh6 8. Qh5 g6
({Deserves attention:} 8... Qd7 $5 {not weakening the kside} 9. Nd5 (9. Nb5 Nd8
$1) 9... Rb8 10. c3 b5 11. Bb3 Nce7 12. Ne3 c4 13. dxc4 Bxe3 14. fxe3 Nf6 15.
Qf3 O-O 16. O-O Ba6 17. cxb5 Qxb5 18. Bc4 Qc6 19. Bxa6 Qxa6 20. c4 h5 21. b3
Ng4 $132 {1/2-1/2 Leko,P-Kramnik,V/Monte Carlo MNC 2004/The Week in Chess 489 
(35)}) 9. Qd1 {-->see comments to 1-0 Adams,M-Haznedaroglu,K/Mallorca 2004/CBM
104_01/[Roiz] (36)}) 8. Bxd2 {White has got a pair of the bishops. On the
other hand,the position is closed enough,so he should play very energetically
in order to make the bishops powerful.} Nf6 {That position was tested many
times on the highest level.} 9. O-O {A latest attempt to fight for the opening
advantage which connected with an idea of f2-f4.} Be6 {A very logical
move-black takes control of ''d5'' and leaves an opportunty of queen-side
castle.} ({The following example prove,that black should play very carefully:} 
9... Bg4 10. Qe1 Be6 11. f4 Bxc4 12. dxc4 h5 $6 13. fxe5 dxe5 14. Bg5 Ne7 $2
15. Rd1 Qb6 16. Qg3 $18 {1-0 Svidler,P-Van Wely,L/Wijk aan Zee NED 2005 (20)})
10. f4 $146 {White allows black to exchange the bishops,as it will make the
Pd6 very vulnerable.} ({Another possibility was:} 10. Nd5 O-O 11. Bg5 Bxd5 12.
Bxd5 h6 13. Bxf6 Qxf6 14. Qg4 Ne7 15. Bb3 Rad8 16. Rae1 Qf4 17. Qh3 Nc6 18. c3
Qd2 19. Rb1 b5 20. Qe3 Qxe3 21. fxe3 $14 {1/2-1/2 Svidler,P-Shirov,A/Monte
Carlo MNC 2005 (51) with a somewhat better chances for white,although black
should hold on.}) 10... Bxc4 (10... O-O $6 11. f5 (11. fxe5 dxe5 (11... Nxe5
12. Bg5 $36) 12. Bxe6 fxe6 13. Be3 Nd4 $11) 11... Bxc4 12. dxc4 $36 {[%csl Rd6]
[%cal Gd2g5]}) 11. dxc4 h5 $1 {A typical defensive idea in such a positions.
Black exploits a drawback of 7.h4 and gets a nice square for his knight.} 12.
f5 (12. fxe5 dxe5 (12... Nxe5 13. Bg5 $16 {[%cal Gc3d5]}) 13. Bg5 Qxd1 14.
Raxd1 Ng4 15. Nd5 $1 ({Nothing promises} 15. Nb5 $6 O-O 16. Rd7 f6 17. Bc1 b6 {
and black is at least not worse.}) 15... O-O 16. Ne7+ Nxe7 17. Bxe7 Ne3 (17...
Rfc8 18. Rd7 b6 (18... Ne3 19. Rf3 Nxc2 (19... Nxc4 20. Rxb7 Nd2 21. Re3 Rcb8
22. Rxb8+ Rxb8 23. Re2 $16) 20. Bd6 $1 $16 f6 $140 21. Rg3 $18) 19. Rf3 f6 20.
a4 $16) 18. Rd7 Nxf1 19. Bxf8 Ng3 20. Bxc5 Nxe4 21. Be3 b6 $132 {[%cal Gf7f5,
Gf5f4]}) 12... Ng4 13. f6 {White chooses a very energetical continuation. He
tries to use some vulnerablity of Ke8.} ({Black has a very solid position
after:} 13. Bg5 f6 14. Bc1 Qd7 15. Nd5 Ne7 $11 {and white cannot put much
pressure on Pd6,while black has a reasonable chances on the king-side which
connected with g7-g6 in future.}) 13... gxf6 {Black's knight is placed well on
g4,so he shouldn't remove it.} (13... Nxf6 $143 14. Bg5 Qd7 15. Bxf6 gxf6 16.
Rxf6 O-O-O 17. Nb5 $1 Qe7 18. Qf3 $36 (18. Rxd6 $2 a6)) 14. Nd5 Ne7 $1 {
It necessary to swap the knights as soon as possible.} (14... f5 $2 {[%cal
Gd8h4] is wrong} {in view of:} 15. Bg5 $1 f6 16. Nxf6+ Nxf6 17. Rxf5 O-O 18. c3
$1 $18 {[%cal Gd1f3,Gf3g3] with a decisive attack.}) 15. Nxf6+ Nxf6 16. Rxf6
Ng8 $1 {That ugly move is an effective defensible resourse which allows to
simplify the position.} 17. Rf5 Qxh4 18. Be3 $5 {White finds an interesting
opportunity of keeping the pressure.} ({A drawn endgame could arise after} 18.
Qf3 f6 19. Bg5 Qg4 20. Bxf6 Qxf3 21. Rxf3 Nxf6 22. Rxf6 Ke7 23. Raf1 Raf8 $11)
18... Qe7 $1 ({Dangerously looks:} 18... Qxe4 $6 19. Qxd6 Qxe3+ (19... Qxf5 20.
Bxc5 $18 {[%cal Ga1d1,Gd6f8]}) 20. Kh1 f6 $8 21. Qe6+ Ne7 22. Qxf6 Rh6 $8 23.
Qf7+ Kd7 24. Rd1+ Rd6 25. Rxd6+ Kxd6 26. Qf6+ Kd7 27. Rxe5 Qc1+ 28. Kh2 Re8 29.
Qe6+ Kd8 30. Qd6+ Kc8 31. Qxc5+ $36) 19. Rxh5 {White has no clear attacking
prospects,so at least he takes the pawn back.} Rxh5 20. Qxh5 O-O-O {So,black
has successfully completed the development. The only drawback of his position
is a somewhat ugly statement of Ng8.} (20... Qe6 21. b3 O-O-O 22. Bg5 f6 23.
Bh4 $14) 21. Bg5 {Delivering the bishop to h4,there it will put pressure on
Pf6.} ({Hardly better was} 21. Rf1 Rf8 22. b4 Kb8 (22... cxb4 $6 23. Bxa7 $36)
23. a3 b6 {and black is closed to equality.}) 21... f6 22. Bh4 Qe8 $1 {An
additional accurate move. White cannot avoid a trade of queens without letting
black to activate his pieces.} 23. Qf5+ ({After} 23. Qf3 Qe6 24. b3 Rf8 25. Rf1
Nh6 $132 {[%cal Gh6g4] black gets a good couterchances.}) 23... Qd7 24. Rf1 (
24. Qg6 Qe8 25. Qxe8 Rxe8 26. Rf1 Rf8 $11) 24... Qxf5 25. Rxf5 Rf8 26. Rh5 ({
White has no other useful plan of improvement. For instance,} 26. g4 Nh6 27.
Rxf6 Rxf6 28. Bxf6 Nxg4 $11) 26... Kd7 27. Rh8 {In that endgame white has only
a symbolical advantage,since black easily hold his weaknesses.} Ke6 28. g4 ({
White couldn't breakthrough also after:} 28. Kh2 Rc8 29. Kh3 Ne7 30. Rh6 Ng8
31. Rh7 Ne7 32. Kg4 Rg8+ $11) 28... Rc8 29. Kg2 Ne7 $11 {Ofcourse,black has
nothing to worry about after exchange of the rooks.} 30. Rh6 Ng8 31. Rh8 ({
White cannot make progress after:} 31. Rh7 Ne7 32. Kf3 Rg8 33. c3 b6 $11)
1/2-1/2

[Event "Bundesliga 0405"]
[Site "Germany"]
[Date "2005.03.13"]
[Round "13.2"]
[White "Movsesian, Sergei"]
[Black "Chuchelov, Vladimir"]
[Result "0-1"]
[WhiteElo "2629"]
[BlackElo "2571"]
[Annotator "Roiz,M"]
[PlyCount "58"]
[EventDate "2004.11.12"]
[EventType "team-tourn"]
[EventRounds "15"]
[EventCountry "GER"]
[SourceTitle "CBM 106"]
[Source "ChessBase"]
[SourceDate "2005.06.06"]
[SourceVersion "1"]
[SourceVersionDate "2005.06.06"]
[SourceQuality "1"]
[WhiteTeam "Baden Oos"]
[BlackTeam "Katernberg"]
[WhiteTeamCountry "GER"]
[BlackTeamCountry "GER"]

1. e4 c5 2. Nf3 Nc6 3. Bb5 Nf6 4. e5 {That move is a possible alternative to
the main line 4.Nc3 Qc7 5.0-0 Nd4. The arising positions are typical for the
well-known variation 3...g6 4.0-0 Bg7 5.Re1 Nf6 6.e5 Nd5 7.Nc3 Nc7 8.Bxc6 dxc6
9.Ne4. On the other hand, black usually gets a comfortable play after 4.e5, so
4.Nc3 is more principal.} Nd5 5. O-O {The most popular continuation.} (5. Nc3
Nc7 6. Bxc6 dxc6 7. h3 g6 8. O-O Bg7 9. Re1 O-O 10. d3 Ne6 11. Ne4 f5 12. exf6
exf6 13. Rb1 b6 14. b3 a5 15. a4 Ra7 16. Bb2 Re7 $11 {1-0 Adams,M-Kramnik,V/
Las Vegas 1999/CBM 72 (60)}) 5... Nc7 $5 {A very flexible continuation. Black
forces white to exchange his bishop immediately-that allows him to develop the
Bc8 either on f5 or on g4. In my opinion,that move is not worse than the
common 5...g6.} 6. Bxc6 ({Deserves attention:} 6. Bc4 $5) 6... dxc6 7. h3 {
A natural profilactic move against the possible pin of Nf3.} ({Black doesn't
face any problems after:} 7. Nc3 Bg4 8. h3 Bxf3 9. Qxf3 g6 10. d3 Bg7 11. Qe4
Qd4 12. Re1 Qxe4 13. Rxe4 O-O-O 14. f4 f5 15. Re1 Ne6 16. Be3 {1/2-1/2
Kasimdzhanov,R-Vladimirov,E/Mumbai 2003/CBM 93 ext (16)}) 7... Bf5 {The
light-squared bishop is placed well. Later black may make it more powerful by
c5-c4.} ({Possible is also a standard} 7... g6 8. d3 Bg7 9. Be3 b6 10. Qc1 O-O
11. Bh6 Be6 12. Bxg7 Kxg7 13. Re1 Bd5 14. Nh2 f5 15. exf6+ exf6 $11 {1/2-1/2
Baklan,V-Tregubov,P/Bastia FRA 2003/The Week in Chess 469 (20)}) 8. d3 h6 $1 {
Securing the statement of Bf5 and taking control of ''g5'' spot.} ({Less
accurate would be:} 8... e6 $6 9. Bg5 Qd7 (9... Be7 10. Bxe7 Qxe7 11. Nbd2 $14
{[%csl Rd6][%cal Gd2c4]}) 10. Nh4 $14) 9. Nbd2 $146 (9. Nc3 e6 10. Qe2 Be7 11.
Ne4 O-O $6 (11... Nb5 $142 $11) 12. c4 a5 13. Bf4 a4 14. a3 b5 15. Rad1 $14 {
[%csl Rc7] 1/2-1/2 Belotti,B-Simic,R/Arandjelovac 1985/EXT 2001 (49)}) 9... e6
10. Qe2 Nb5 {The only real drawback of black's position is his doubled pawns.
He should deliver his knight to d4 in order to improve the pawn structure
after exchange on d4.} (10... Be7 11. Ne4 Nb5 $1 (11... O-O $6 12. c4 $14) 12.
Be3 Nd4 13. Bxd4 cxd4 $11) 11. Ne4 Nd4 {So,black has realized his main idea.
White cannot do with the statement of Nd4.} 12. Nxd4 Qxd4 {That is the most
ambitious continuation-black leaves an opportunity of activating his bishops
by c5-c4 in future-in that case he could reach better chances.} ({Black could
also choose a more simple option:} 12... cxd4 13. Ng3 Bg6 14. f4 Qd7 $11 {
with an equal position.}) 13. Ng3 Bg6 14. Kh2 $6 {That move is connected with
a completely wrong idea.} ({White should take care of quick development:} 14.
Qe3 $142 {(black's queen is very unpleasant in the centre,so white should
trade the queens in order to complete the development)} Qd5 (14... O-O-O 15. f4
Qd5 16. b3 $11) 15. b3 Be7 16. Bb2 $11) 14... h5 $1 15. f4 (15. Qe3 O-O-O 16.
Qxd4 cxd4 $15) 15... h4 16. Nh1 c4 17. dxc4 (17. Nf2 cxd3 18. cxd3 Be7 19. Be3
Qd5 $17 {[%csl Rd3,Rf2]}) 17... Bh5 $1 {That powerful move destroys a
coordination between white's pieces.} 18. Qf2 (18. Qd3 Qxd3 19. cxd3 Be2 20.
Rf2 Bxd3 $17) 18... Qxc4 19. f5 {White is not ready for such a ''drastic''
decisions. That advance only creates an additional weaknesses in white's camp.}
({More to the point was:} 19. Be3 $142 a6 (19... b6 20. a4 $132 {[%csl Rb6]
[%cal Ga4a5,Yf2b6]}) 20. b3 Qb4 21. a3 {[%cal Ge3c5] and white has a good
chances of equalizing: black hasn't completed the developement yet,while white
may try to swap the dark-squared bishops.}) 19... exf5 20. Bg5 {That move
avoids a queen-side castle,but black's monarch feels quite safely in the
centre.} (20. Qxf5 $2 {is just very bad in view of:} Bg6 21. Qf2 Qxc2 $19)
20... Bc5 $1 {A correct decision-black should complete the development as soon
as possible in order to keep an advantage. Now white's choice is not very
pleasant.} ({Careless would be an attempt to hold the extra pawn:} 20... Bg6
$143 $6 21. Rad1 Bc5 22. Qd2 O-O 23. b3 $132 {[%csl Rh4] and white gets good
counterplay.}) 21. Qxf5 {Sergei perefers to keep the queens on the board,
although his king is quite weak.} ({Maybe white should look for some drawish
chances in the endgame which arise after:} 21. Qxh4 Qxh4 22. Bxh4 Be2 23. Rfe1
Rxh4 24. Rxe2 Rd8 $17 {[%csl Re5,Rh1] although here black has an obvious
advatange.}) 21... Bg6 22. Qf3 ({Again,the arising endgame after} 22. Qf4 Qxf4+
23. Bxf4 ({or} 23. Rxf4 Be7 24. Bxe7 Kxe7 25. c3 Rad8 $17) 23... O-O-O $17 {
is just terrible for white.}) 22... Rh5 23. Bf4 {White avoids a trade of the
queens at any cost,but that strategy leads to a quick disaster.} ({I can
hardly recommend:} 23. Qf4 Qxf4+ 24. Bxf4 O-O-O 25. Rad1 $17) 23... O-O-O 24.
Nf2 $4 {A decisive mistake which allows black to win a whole piece.} ({Instead
of that terrible blunder,white should continue fighting:} 24. Qg4+ Qe6 25. Rad1
(25. Qxe6+ fxe6 $17) 25... Qxg4 26. Rxd8+ Kxd8 27. hxg4 Rh8 28. c3 Ke7 $17) (
24. b3 Qe6 25. Nf2 Bd4 26. Rad1 Rhh8 $17 {Ofcourse,black has a great advantage,
but there is no immediate win.}) 24... Rf5 $19 {White cannot avoid a loss of
material.} 25. Nd3 ({Hopeless would be also:} 25. Ng4 Rd4 26. b3 Qb5 27. c4 Qa5
$19 {[%csl Rf4]}) 25... Bh5 $1 {Suddenly white's queen has no square for
retreat.} 26. b3 Qxc2 27. Rac1 (27. Ne1 Qe2 (27... Bxf3 28. Nxc2 Rxf4 29. Ne1
Bd4 $19) 28. Qxe2 Bxe2 $19) 27... Qxd3 ({Good enough was also:} 27... Qxc1 $19)
28. Qxd3 Rxd3 29. Rxc5 g5 0-1